LEADER 03040nam 22007693u 450 001 9910458396403321 005 20210114044042.0 010 $a1-280-45358-3 010 $a0-19-535473-7 010 $a1-4237-5768-8 035 $a(CKB)1000000000398774 035 $a(EBL)272804 035 $a(OCoLC)466428058 035 $a(SSID)ssj0000104472 035 $a(PQKBManifestationID)11981890 035 $a(PQKBTitleCode)TC0000104472 035 $a(PQKBWorkID)10084955 035 $a(PQKB)10884449 035 $a(MiAaPQ)EBC272804 035 $a(EXLCZ)991000000000398774 100 $a20140113d2003|||| u|| | 101 0 $aeng 135 $aur|n|---||||| 181 $ctxt 182 $cc 183 $acr 200 14$aThe Apocalyptic Year 1000$b[electronic resource] $eReligious Expectaton and Social Change, 950-1050 210 $aNew York $cOxford University Press$d2003 215 $a1 online resource (377 p.) 300 $aDescription based upon print version of record. 311 $a0-19-511191-5 327 $aContents; Abbreviations; Introduction: The Terribles espoirs of 1000 and the Tacit Fears of 2000; 1. Awaiting the End of Time around the Turn of the Year 1000; I. The Apocalyptic Year 1000 in Medieval Thought; II. The Apocalyptic Year 1000 in Medieval Art and Literature; III. Historiography of the Apocalyptic Year 1000; IV. Tools and Sources; Index 330 $aThe essays in this volume challenge prevailing views on the way in which apocalyptic concerns contributed to larger processes of social change at the first millennium. They should provoke new interest in and debate on the nature and causes of social change in early medieval Europe. 606 $aChristianity and culture 606 $aHistory of doctrines 606 $aOne thousand, A.D 606 $aOne thousand, A.D 606 $aSecond Advent 606 $aSecond Advent - History of doctrines - Middle Ages, 600-1500 - Congresses 606 $aSecond Advent$xHistory of doctrines$yMiddle Ages, 600-1500$zEurope$vCongresses 606 $aChristianity and culture$vCongresses 606 $aReligion$2HILCC 606 $aPhilosophy & Religion$2HILCC 606 $aChristianity$2HILCC 608 $aElectronic books. 615 4$aChristianity and culture. 615 4$aHistory of doctrines. 615 4$aOne thousand, A.D. 615 4$aOne thousand, A.D. 615 4$aSecond Advent. 615 4$aSecond Advent - History of doctrines - Middle Ages, 600-1500 - Congresses. 615 0$aSecond Advent$xHistory of doctrines 615 0$aChristianity and culture 615 7$aReligion 615 7$aPhilosophy & Religion 615 7$aChristianity 676 $a940.146 700 $aLandes$b Richard$0948818 701 $aGow$b Andrew$0801151 701 $aMeter$b David Van$0948819 801 0$bAU-PeEL 801 1$bAU-PeEL 801 2$bAU-PeEL 906 $aBOOK 912 $a9910458396403321 996 $aThe Apocalyptic Year 1000$92144827 997 $aUNINA LEADER 01764oam 2200457M 450 001 9910716687103321 005 20210706162636.0 035 $a(CKB)5470000002523291 035 $a(OCoLC)1065795277 035 $a(OCoLC)995470000002523291 035 $a(EXLCZ)995470000002523291 100 $a20071213d1927 ua 0 101 0 $aeng 135 $aurcn||||||||| 181 $ctxt$2rdacontent 182 $cc$2rdamedia 183 $acr$2rdacarrier 200 10$aGranting grounds now occupied as a campus to the University of Utah. February 22 (calendar day, February 23), 1927. -- Ordered to be printed 210 1$a[Washington, D.C.] :$c[U.S. Government Printing Office],$d1927. 215 $a1 online resource (3 pages) 225 1 $aSenate report / 69th Congress, 2nd session. Senate ;$vno.1579 225 1 $a[United States congressional serial set] ;$v[serial no. 8685.] 300 $aBatch processed record: Metadata reviewed, not verified. Some fields updated by batch processes. 300 $aFDLP item number not assigned. 517 $aGranting grounds now occupied as a campus to the University of Utah. February 22 606 $aFederal aid to education 606 $aLand grants 606 $aLand titles 608 $aLegislative materials.$2lcgft 615 0$aFederal aid to education. 615 0$aLand grants. 615 0$aLand titles. 701 $aSmoot$b Reed$f1862-1941$pRepublican (UT)$01386172 801 0$bWYU 801 1$bWYU 801 2$bOCLCO 801 2$bOCLCQ 906 $aBOOK 912 $a9910716687103321 996 $aGranting grounds now occupied as a campus to the University of Utah. February 22 (calendar day, February 23), 1927. -- Ordered to be printed$93469644 997 $aUNINA